skbl

Dr Suryya Kumar Bhuyan Library Web-OPAC
ডঃ সূৰ্য্য
কুমাৰ ভূঞা পুথিভঁৰাল ৱেব-অ'পেক

All Research Scholars are advised to clear the annual library fees to continue using Library Resources, Remote Access, Plagiarism Test and Library Clearance.

Cotton University Book Fair 2026

The Schrodinger Equation / (Record no. 14804)

MARC details
000 -LEADER
fixed length control field 00720nam a2200277Ia 4500
001 - CONTROL NUMBER
control field 14818
005 - DATE AND TIME OF LATEST TRANSACTION
control field 20240113235554.0
007 - PHYSICAL DESCRIPTION FIXED FIELD--GENERAL INFORMATION
fixed length control field ta
008 - FIXED-LENGTH DATA ELEMENTS--GENERAL INFORMATION
fixed length control field 051128s1976 g b000 u 465 u
040 ## - CATALOGING SOURCE
Original cataloging agency Cotton College,Assam
041 ## - LANGUAGE CODE
Language code of text/sound track or separate title 465
082 ## - DEWEY DECIMAL CLASSIFICATION NUMBER
Classification number 512.942
Item number Th 348 Se
100 ## - MAIN ENTRY--PERSONAL NAME
Personal name Thirring , W..
245 #0 - TITLE STATEMENT
Title The Schrodinger Equation /
Statement of responsibility, etc. W.Thirring , Vienna & P.Urban Graz.
Medium Textual Documents
250 ## - EDITION STATEMENT
Edition statement 1st ed. /
260 ## - PUBLICATION, DISTRIBUTION, ETC.
Place of publication, distribution, etc. New York :
Name of publisher, distributor, etc. Springer-Verlag ,
Date of publication, distribution, etc. 1976.
300 ## - PHYSICAL DESCRIPTION
Extent 223p. ;
Dimensions 23cm.
504 ## - BIBLIOGRAPHY, ETC. NOTE
Bibliography, etc. note Index
653 ## - INDEX TERM--UNCONTROLLED
Uncontrolled term Equation
653 ## - INDEX TERM--UNCONTROLLED
Uncontrolled term G-Mathematics
700 ## - ADDED ENTRY--PERSONAL NAME
Personal name Vienna, .
700 ## - ADDED ENTRY--PERSONAL NAME
Personal name Urban Graz, P..
942 ## - ADDED ENTRY ELEMENTS (KOHA)
Source of classification or shelving scheme Dewey Decimal Classification
Koha item type Books
Holdings
Withdrawn status Lost status Damaged status Not for loan Collection Home library Current library Date acquired Coded location qualifier Total checkouts Full call number Barcode Date last seen Copy number Price effective from Koha item type
          Dr. Suryya Kumar Bhuyan Library Dr. Suryya Kumar Bhuyan Library 01/02/2012 00000   512.942 Th 348 Se 80520 13/01/2024 1 01/02/2012 Books

Designed and Maintained by Team SKBL
©1901-2026

Powered by Koha